000 00458nam a2200181Ia 4500
001 1960
005 20260306143807.0
008 260306t2012||||xx |||||||||||||| ||spa||
041 _aESP
082 _a158.7
_bE76
100 _aEscartín, Jordi
_eAUT
245 0 _aMobbing, acoso psicológico en el trabajo:
_bguías de intervención
260 _c2012
300 _a182 páginas :
_c22 cm.
650 _aGEN
654 _aCPS
942 _cLIB
_dJUS
_fJUS
_2ddc
_n
999 _c1960
_d1960